000 01484nam a22003137a 4500
001 EPSA 0258
003 gtcocun
005 20250918200230.0
006 a||||gr|||| 00| 0
007 ta
008 250918b2023 gt ||||| m||| 00| 0 eng d
040 _agtcocun
_bSPA
_cgtcocun
_eRDA
041 _aSPA EPSA 0258
084 _0EPSA 0258
100 _aOch Coy, Luis Enrique
_eAutor
245 _aINFORME FINAL DEL EJERCICIO PROFESIONAL SUPERVISADO REALIZADO EN LA MUNICIPALIDAD DE SAN CRISTÓBAL VERAPAZ, ALTA VERAPAZ./
_cLuis Enrique Och Coy.
_hImpreso
264 _aCobán, Alta Verapaz:
_bUniversidad de San Carlos de Guatemala, Centro Universitario del Norte, Licenciatura en Administración de Empresas
_c2023
300 _a55 p.:
_bIlustraciones, gráficas.
_c28 cm;
336 _2rdacontenido
_aTexto
_btxt
337 _2rdamedio
_aComputadora
_bn
338 _2rdasoporte
_aCódigo en línea
_bcr
502 _eEPSA 0258
502 _aEjercicio Profesional Supervisado
_bLicenciatura en Administración de Empresas,
_cUniversidad de San Carlos de Guatemala, Centro Universitario del Norte, Licenciatura en Administración de Empresas
_d2023
_oEPSA 0258
650 1 4 _2LEMB
_aSan Cristóbal Verapaz, Alta Verapaz.
_xAdministración
_xMunicipalidad
_xInstitución
_xMarketing
_xServicios públicos
700 _eAsesor
856 _uSin archivo en línea.
_zSin archivo en línea.
_yPDF
942 _2ddc
_cTES
_iEPSA 0258
_kClasificación
_n0
_6EPSA_0258_000000000000000
999 _c1974
_d1974